Principles of hotel front office operations / (Record no. 14383)
[ view plain ]
| 000 -LEADER | |
|---|---|
| fixed length control field | 00718nam a2200217 a 4500 |
| 003 - CONTROL NUMBER IDENTIFIER | |
| control field | PILC |
| 005 - DATE AND TIME OF LATEST TRANSACTION | |
| control field | 20150812130033.0 |
| 008 - FIXED-LENGTH DATA ELEMENTS--GENERAL INFORMATION | |
| fixed length control field | 100719s19uu xx 00 eng d |
| 020 ## - INTERNATIONAL STANDARD BOOK NUMBER | |
| International Standard Book Number | 1844800903 |
| 050 ## - LIBRARY OF CONGRESS CALL NUMBER | |
| Classification number | TX 911.3.F75 |
| Item number | .B35 2000 |
| 082 ## - DEWEY DECIMAL CLASSIFICATION NUMBER | |
| Classification number | HSF 647.94068 |
| Item number | B17 2000 |
| 100 ## - MAIN ENTRY--PERSONAL NAME | |
| Personal name | Baker, Sue |
| 9 (RLIN) | 11029 |
| 245 ## - TITLE STATEMENT | |
| Title | Principles of hotel front office operations / |
| Statement of responsibility, etc | Sue Baker, Pam Bradley, and Jeremy Huyton. |
| 250 ## - EDITION STATEMENT | |
| Edition statement | 2nd edition. |
| 260 ## - PUBLICATION, DISTRIBUTION, ETC. (IMPRINT) | |
| Place of publication, distribution, etc | Bedford Row, London : |
| Name of publisher, distributor, etc | Thomson Learning, High Holborn House, |
| Date of publication, distribution, etc | 2000. |
| 300 ## - PHYSICAL DESCRIPTION | |
| Extent | 325 pages : |
| Other physical details | illustration ; |
| Dimensions | 24 cm. |
| 650 ## - SUBJECT ADDED ENTRY--TOPICAL TERM | |
| Topical term or geographic name as entry element | Hotel management- Front office |
| 9 (RLIN) | 11030 |
| 700 ## - ADDED ENTRY--PERSONAL NAME | |
| Personal name | Huyton, Jeremy |
| 9 (RLIN) | 11031 |
| 700 ## - ADDED ENTRY--PERSONAL NAME | |
| Personal name | Bradley, Pam |
| 9 (RLIN) | 11032 |
| 942 ## - ADDED ENTRY ELEMENTS (KOHA) | |
| Source of classification or shelving scheme | Library of Congress Classification |
| Koha item type | Books |
| Withdrawn status | Lost status | Source of classification or shelving scheme | Damaged status | Home library | Current library | Shelving location | Date acquired | Total Checkouts | Full call number | Barcode | Date last seen | Copy number | Price effective from | Koha item type | Source of acquisition | Sub Shelving location | Public note |
|---|---|---|---|---|---|---|---|---|---|---|---|---|---|---|---|---|---|
| Library of Congress Classification | Southville International School Affiliated with Foreign Universities Library | Southville International School Affiliated with Foreign Universities Library | Southville Foreign University Section | 08/15/2013 | TX 911.3.F75 .B35 2000 | SFU0515 | 05/15/2018 | 1 | 08/15/2013 | Books | |||||||
| Library of Congress Classification | Southville International School Affiliated with Foreign Universities Library | Southville International School Affiliated with Foreign Universities Library | Southville Foreign University Section | 07/21/2015 | TX 911.3.F75 .B35 2000 | SFU2319 | 05/15/2018 | 07/21/2015 | Books | Library Fund | |||||||
| Library of Congress Classification | Southville International School Affiliated with Foreign Universities Library | Southville International School Affiliated with Foreign Universities Library | Southville Foreign University Section | 07/21/2015 | TX 911.3.F75 .B35 2000 | SFU2320 | 05/15/2018 | 07/21/2015 | Books | Library Fund | |||||||
| Library of Congress Classification | Southville International School Affiliated with Foreign Universities Library | Southville International School Affiliated with Foreign Universities Library | Southville Foreign University Section | 08/12/2015 | TX 911.3.F75 .B35 2000 | SFU2481 | 05/15/2018 | 08/12/2015 | Books | Donation | |||||||
| Withdrawn | Library of Congress Classification | Southville International School Affiliated with Foreign Universities Library | Southville International School Affiliated with Foreign Universities Library | 08/17/2015 | TX 911.3.F75 .B35 2000 | SFU2495 | 05/15/2018 | 08/17/2015 | Books | Donation | Books donated |